<?xml version="1.0" encoding="UTF-8"?>
<record
    xmlns:xsi="http://www.w3.org/2001/XMLSchema-instance"
    xsi:schemaLocation="http://www.loc.gov/MARC21/slim http://www.loc.gov/standards/marcxml/schema/MARC21slim.xsd"
    xmlns="http://www.loc.gov/MARC21/slim">

  <leader>03576nam a2200301 a 4500</leader>
  <controlfield tag="001">BRCA_5404</controlfield>
  <controlfield tag="005">20190320205049.0</controlfield>
  <controlfield tag="008">091210m18081809mx-####f#v---#000-0#spa-#</controlfield>
  <datafield tag="041" ind1=" " ind2=" ">
    <subfield code="a">spa</subfield>
  </datafield>
  <datafield tag="044" ind1=" " ind2=" ">
    <subfield code="a">mx</subfield>
  </datafield>
  <datafield tag="084" ind1=" " ind2=" ">
    <subfield code="a">DOC120</subfield>
    <subfield code="b">.S26</subfield>
    <subfield code="c">1808</subfield>
  </datafield>
  <datafield tag="110" ind1="2" ind2=" ">
    <subfield code="a">San Francisco, Orden de</subfield>
    <subfield code="b">Tercera Orden (Seglar)</subfield>
    <subfield code="9">13812</subfield>
  </datafield>
  <datafield tag="245" ind1="1" ind2="0">
    <subfield code="a">Documento expedido de las cuentas del Hospital de Terceros de N. P. S. Francisco</subfield>
    <subfield code="c">Orden Franciscana</subfield>
  </datafield>
  <datafield tag="260" ind1=" " ind2=" ">
    <subfield code="a">M&#xE9;xico</subfield>
    <subfield code="c">1808</subfield>
  </datafield>
  <datafield tag="300" ind1=" " ind2=" ">
    <subfield code="a">[163] fojas</subfield>
    <subfield code="c">31 x 21 cm.</subfield>
  </datafield>
  <datafield tag="500" ind1=" " ind2=" ">
    <subfield code="a">Documento expedido en 1808</subfield>
  </datafield>
  <datafield tag="500" ind1=" " ind2=" ">
    <subfield code="a">Comprobante de las cuentas que el tesorero del Hospital de Terceros de N. P. S. Francisco ha seguido desde el primero de marzo de 1808 a fin de febrero de 1809.</subfield>
  </datafield>
  <datafield tag="500" ind1=" " ind2=" ">
    <subfield code="a">Papel con marca de agua</subfield>
  </datafield>
  <datafield tag="500" ind1=" " ind2=" ">
    <subfield code="a">El documento contiene la leyenda DOC. # 164</subfield>
  </datafield>
  <datafield tag="500" ind1=" " ind2=" ">
    <subfield code="a">Estado de conservaci&#xF3;n: contiene m&#xE1;rgenes maltratados</subfield>
  </datafield>
  <datafield tag="505" ind1="0" ind2=" ">
    <subfield code="a">Contenido:  Raz&#xF3;n de lo cobrado en la finca llamada del Ma&#xED;z en la Plazuela de la Paja, perteneciente al Hospital del Venerable Orden Tercero de Nuestro Ser&#xE1;fico Padre San Francisco. -- Informes mensuales desde marzo 1808 a febrero de 1809. Informaci&#xF3;n de accesorias y los que las ocupan e importe liquido cobrado. Firmado por Juan Cris&#xF3;stomo Ortu&#xF1;o. &#x2013;- Recibos de varias personas entre otras el Conde de Santiago, como comprobantes de haber recibido de Don Mariano Z&#xFA;&#xF1;iga y Ontiveros, Tesorero del Hospital de San Francisco, el pago correspondiente por el censo. -- Cuenta de lo cobrado en el mes de marzo de 1808 en la Caza de Pozo de la Calle del Nagualito. Firma Juan Cris&#xF3;stomo Ortu&#xF1;o. -&#x2013; CUENTA del pan remitido al Hospital de Terceros, de la carne despachada al Hospital de terceros (marzo de 1808), de los gastos erogados en los alimentos de los enfermos, manutenci&#xF3;n y sueldos de los dependientes de este Real Hospital (informe de marzo 1808 a febrero 1809). -- Cuenta del costo que tuvo la comida que se suministro a los reos en las cuatro c&#xE1;rceles el d&#xED;a de la Sant&#xED;sima Trinidad donada con </subfield>
    <subfield code="1">00 por Don Antonio Calder&#xF3;n y otros </subfield>
    <subfield code="1">00 que doto Don Diego Escobaza para la Acordada. (30 junio 1808). -- Cuenta del costo que tuvo la comida que se suministro a los reos en las cuatro c&#xE1;rceles el d&#xED;a de San Juan Bautista, dotada con </subfield>
    <subfield code="2">50 por el Exmo. Sor. M&#xE1;rquez de Casafuerte. (30 julio 1808) . -- Costo de los reparos en el hospital y gallos en 4 meses corridos desde 1 de marzo de 1808 hasta 30 de junio. Costo de los reparos en 4 meses corridos desde 1 de julio de 1808 hasta noviembre. -- Cuenta del costo de reparos ejecutados en cuatro meses corridos desde 1 de noviembre de 1808 hasta 28 de febrero de 1809. -- Cuenta del costo que ha tenido desbaratar y reconstruir la pared de medianeria en el cuarto patio del hospital de terceros. -- Cuenta de la cera entregada al Hospital del Tercer Orden de San Francisco. Varios recibos de cantidades entregadas por el tesorero Mariano de Ontiveros, firmados por Miguel Manzo. Costo del Chocolate para el gasto del a&#xF1;o de enfermos y dependientes. Raz&#xF3;n de lo cobrado en las accesorias y viviendas del Hospital del Venerable Orden Terceros de N. P. S. Francisco, en todo el mes de marzo de 1808, informes mensuales hasta febrero de 1809.</subfield>
  </datafield>
  <datafield tag="506" ind1="0" ind2=" ">
    <subfield code="a">Fondo reservado: para su consulta es necesario credencial de usuario y carta de motivos.</subfield>
  </datafield>
  <datafield tag="546" ind1=" " ind2=" ">
    <subfield code="a">Texto en: espa&#xF1;ol del siglo XIX</subfield>
  </datafield>
  <datafield tag="610" ind1="2" ind2="4">
    <subfield code="a">San Francisco, Orden de</subfield>
    <subfield code="b">Tercera Orden (Seglar)</subfield>
    <subfield code="9">13812</subfield>
  </datafield>
  <datafield tag="650" ind1="1" ind2="4">
    <subfield code="a">Franciscanos</subfield>
    <subfield code="e">Ordenes tereceras</subfield>
    <subfield code="v">Manuscrito</subfield>
    <subfield code="x">Historia</subfield>
    <subfield code="y">S. XIX</subfield>
    <subfield code="z">M&#xE9;xico</subfield>
    <subfield code="9">13813</subfield>
  </datafield>
  <datafield tag="902" ind1=" " ind2=" ">
    <subfield code="a">FDH</subfield>
  </datafield>
  <datafield tag="942" ind1=" " ind2=" ">
    <subfield code="2">lcc</subfield>
    <subfield code="c">D</subfield>
  </datafield>
  <datafield tag="999" ind1=" " ind2=" ">
    <subfield code="c">5098</subfield>
    <subfield code="d">5098</subfield>
  </datafield>
  <datafield tag="952" ind1=" " ind2=" ">
    <subfield code="0">0</subfield>
    <subfield code="1">0</subfield>
    <subfield code="4">0</subfield>
    <subfield code="7">0</subfield>
    <subfield code="a">BRCA</subfield>
    <subfield code="b">BRCA</subfield>
    <subfield code="d">2010-12-09</subfield>
    <subfield code="l">0</subfield>
    <subfield code="o">DOC120 .S26 1808</subfield>
    <subfield code="p">5839</subfield>
    <subfield code="r">2019-03-22 00:00:00</subfield>
    <subfield code="w">2019-03-22</subfield>
    <subfield code="y">D</subfield>
  </datafield>
</record>
